Statistiques concernant Vocabulaire anglais

Cliquez ici pour prendre le quiz!

Statistiques générales

  • Ce quiz a été pris 51 fois
  • Le résultat moyen est 2 sur 15

Statistiques - réponses

HintRéponse% Correct
la grèvestrike
76%
échelle/ampleurscale
47%
au-delàbeyond
45%
jeux d'argentgambling
29%
charge de travailworkload
24%
aux côtés dealongside
8%
frapperto strike
8%
suppositionassumption
4%
volontéwillpower
2%
abasourdidumbfound
0%
interruptionhiatus
0%
portée/étenduescope
0%
entraver/gênerto hamper
0%
se détendreunwind
0%
Dérouléunwound
0%

Distribution des résultats

Percentile par nombre de réponses

% des personnes avec chaque résultat

Votre développement - résultats

Vous n’avez pas pris ce quiz